Juice Wrld Death Race for Love All Songs - Statistics

General Stats
  • This quiz has been taken 22 times
  • The average score is 13 of 22
Answer Stats
Hint Answer % Correct
1 Empty
89%
2 Maze
84%
5 Fast
79%
18 10 Feet
74%
8 Robbery
74%
16 The Bees Knees
74%
10 Feeling
68%
21 Rider
68%
6 Hear Me Calling
63%
3 Hemotions
63%
7 Big
58%
22 Make Believe
58%
17 ON GOD
58%
13 Ring Ring
58%
11 Syphillis
58%
12 Who Shot Cupid?
53%
4 Demonz (Interlude)
47%
9 Flaws and Sins
47%
20 She's The One
47%
19 Won't Let Go
47%
15 Out My Way
42%
14 Desire
37%
No matching quizzes found
Score Distribution
Percent of People with Each Score
Percentile by Number Answered
Your Score History
You have not taken this quiz